RRIM course on soils, management of soils and nutrition of Hevea. 9-14 May 1977 (Record no. 25237)

MARC details
000 -LEADER
fixed length control field 00430nam a2200145Ia 4500
082 ## - DEWEY DECIMAL CLASSIFICATION NUMBER
Classification number NR:631.81977
Item number RRM
245 #0 - TITLE STATEMENT
Title RRIM course on soils, management of soils and nutrition of Hevea. 9-14 May 1977
260 ## - PUBLICATION, DISTRIBUTION, ETC. (IMPRINT)
Place of publication Kuala Lumpur
Name of publisher RRIM
Year of publication 1977
650 ## - SUBJECT ADDED ENTRY--TOPICAL TERM
Topical Term Crop management
650 ## - SUBJECT ADDED ENTRY--TOPICAL TERM
Topical Term Rubber fertilizers
650 ## - SUBJECT ADDED ENTRY--TOPICAL TERM
Topical Term Rubber nutrients
650 ## - SUBJECT ADDED ENTRY--TOPICAL TERM
Topical Term Soil management
942 ## - ADDED ENTRY ELEMENTS (KOHA)
Koha item type Books
Holdings
Withdrawn status Lost status Damaged status Not for loan Home library Current library Date acquired Cost, normal purchase price Full call number Accession Number Koha item type
        RRII Library RRII Library 16/12/2021 25.00 NR:631.81977 RRM 05896 Books